000 00998nam a22002417a 4500
999 _c8114
_d8114
003 AR-CdUCM
008 190322b ||||| |||| 00| 0 spa d
040 _aMUNICIPALIDAD PROVINCIAL DEL CUSCO
_cBIBLIOTECA MUNICIPAL DEL CUSCO
041 _heng
082 _a575 /
_bK76
100 _aKormondy, Edward J.
_922911
245 _aIntroducción a la Genética :
_bAutoenseñanza Programada /
260 _aMéxico :
_bHerrero Hermanos, Sucs ;
_c1974.
300 _a263 páginas ;
_bIlustraciones
_c23cm
505 _aContenido: Reproducción celular -- Fundamentos de genética mendeliana -- Determinación del sexo -- Pautas complejas de herencia -- Morfología y fisiología de los genes...
650 _aGenética
_95063
650 _aCélulas
_918534
650 _aHerencia
_99110
700 _aVinós Cruz-López, Ricardo (traducción)
_922912
710 _aCentro Regional de Ayuda Técnica - Agencia para el Desarrollo Internacional (AID)
_922913
942 _2ddc
_cLIBROS
945 _anom